00414 2200169 4500001002100000005001500021008004100036035001900077041000700096082000800103090001400111100001400125245003200139260003700171300002100208650001500229INLIS00000000001853420241224115525241224||||||||| | ||| |||| || |  0010-1224018534 aid0 a813 a813 SUW a0 asuwardono00aANAK - ANAK MENJADI PELUKIS aBandungbMegah Jaya Saranac2005 a121hlm;14,5x21cm 0anovel anak